Culture Générale - Série 633 - Statistiques

Statistiques générales
  • Ce quiz a été pris 172 fois
  • Le résultat moyen est 6 sur 10
Statistiques - réponses
Question Réponse % Correct
Quel pays d'Amérique réunit les villes de Québec et de Toronto ? Canada
95%
D'après le proverbe, qu'est-ce qui porte conseil ? La nuit
95%
En 1979, à propos de qui Chantal Goya chante-t-elle "...C'est ma cousine" ? Bécassine
87%
D'après le titre du roman de John Steinbeck, à quel sentiment les raisins sont-ils associés ? La colère
86%
Dans quelle région française appelle-t-on l'hydromel : "chouchen" ? Bretagne
83%
À quel chanteur de charme doit-on le titre "Pauvres Diables" ? Julio Iglesias
45%
Quel homme politique a été assassiné à l'instigation de Staline, le 20 août 1940 ? Trotski
41%
Un des fameux sketchs du duo Chevallier et Laspalès s'intitule "Le Train pour... Pau
35%
À quel guitariste de jazz est dédiée la chanson “Mon pote le gitan”, interprétée par Yves Montand en 1954 ? Django Reinhardt
23%
Quelle est la monnaie officielle de la Hongrie ? forint
12%
Aucun quiz correspondant
Distribution des résultats
% des personnes avec chaque résultat
Percentile par nombre de réponses
Votre historique - résultats
Vous n’avez pas pris ce quiz